000 00428nam a2200157Ia 4500
008 230524s9999 xx 000 0 und d
082 _a658.45
_bBAS
100 _aKaushik Basu
245 0 _a"Collected Papers in Theoritical Economics ( Vol-1, Vol-2, Vol-3 & Vol-4)"
250 _a2ND
260 _aNEW YORK
_bOxford
_c2011
300 _a320;217;273;257
500 _aQuantity Number: 2
650 _aEconomics
942 _cBK
999 _c49257
_d49257